| 000 | 00979nam a22002897a 4500 | ||
|---|---|---|---|
| 003 | OSt | ||
| 005 | 20250317122914.0 | ||
| 008 | 250317b |||||||| |||| 00| 0 eng d | ||
| 020 | _a9781849205634 (hardcover) | ||
| 040 |
_aNUST _beng _cNUST _dNUST _erda |
||
| 050 | _aHM621 REP | ||
| 245 |
_aRepresentation / _cedited by Stuart Hall, Jessica Evans and Sean Nixon |
||
| 250 | _aSecond edition. | ||
| 260 |
_aLos Angeles : _bThe Open University, _c2013. |
||
| 300 |
_axxvi, 410 pages : _billustrations ; _c24 cm. |
||
| 336 |
_2rdamedia _atext _btxt |
||
| 337 |
_2rdamedia _aunmediated _bn |
||
| 338 |
_2rdamedia _avolume _bnc |
||
| 504 | _aIncludes bibliographical references and index. | ||
| 650 | _vCulture. | ||
| 650 | _vRepresentation (Philosophy) | ||
| 650 | _vSocial perception. | ||
| 700 |
_aHall, Stuart _eEditor |
||
| 700 |
_aEvans, Jessica _eEditor |
||
| 700 |
_aNixon, Sean _eEditor |
||
| 942 |
_2lcc _cBOOKS _eSecond edition. _hHM621 REP _kHM _mREP _n0 |
||
| 999 |
_c171443 _d171443 |
||